The making of Perdana Botanical Garden : editor Halijah Ibrahim
| Main Author: | |
|---|---|
| Format: | Book |
| Published: |
Kuala Lumpur :
Dewan Bandaraya Kuala Lumpur ,
2012
|
| Subjects: |
MARC
| LEADER | 00000cam a2200000 7i4500 | ||
|---|---|---|---|
| 001 | 0000004191 | ||
| 005 | 20190517.0 | ||
| 020 | 0 | 0 | |a 9789671017913 |
| 090 | 0 | 0 | |a 580.7309595 |b BOT2012 |
| 100 | 1 | 0 | |a Halijah Ibrahim |
| 245 | 1 | 0 | |a The making of Perdana Botanical Garden : |b editor Halijah Ibrahim |
| 260 | 0 | 0 | |a Kuala Lumpur : |b Dewan Bandaraya Kuala Lumpur , |c 2012 |
| 300 | |a 184p. : |b ill.col ; |c 30cm. | ||
| 650 | 0 | 0 | |a Botanical gardens |
| 650 | 0 | 0 | |a Recreation---Kuala Lumpur |
| 999 | |a 008083 |b Monograph |c Open Shelf |e Default branch | ||